Systematic theology. (Record no. 99925)
[ view plain ]
| 000 -LEADER | |
|---|---|
| fixed length control field | 00613cam7a220020500 4500 |
| 003 - CONTROL NUMBER IDENTIFIER | |
| control field | s |
| 005 - DATE AND TIME OF LATEST TRANSACTION | |
| control field | 20190819095843.0 |
| 008 - FIXED-LENGTH DATA ELEMENTS--GENERAL INFORMATION | |
| fixed length control field | 000523 |
| 020 ## - INTERNATIONAL STANDARD BOOK NUMBER | |
| International Standard Book Number | 1879998033 |
| 035 ## - SYSTEM CONTROL NUMBER | |
| System control number | (Sirsi) a142639 |
| 050 #0 - LIBRARY OF CONGRESS CALL NUMBER | |
| Classification number | BT65 |
| Item number | Rus 1994 |
| 100 1# - MAIN ENTRY--PERSONAL NAME | |
| Personal name | Rushdoony, Rousas John |
| Linkage | A76783.1 |
| 245 10 - TITLE STATEMENT | |
| Title | Systematic theology. |
| Number of part/section of a work | Vol. 1-2 / |
| Statement of responsibility, etc. | Rushdoony, Rousas John. |
| 260 ## - PUBLICATION, DISTRIBUTION, ETC. | |
| Place of publication, distribution, etc. | Vallecito, California : |
| Name of publisher, distributor, etc. | Ross House Books, |
| Date of publication, distribution, etc. | c1994. |
| 350 ## - PRICE (NR) (BK AM CF MU VM SE) [OBSOLETE] | |
| -- | 0 |
| 500 ## - GENERAL NOTE | |
| General note | Each volume is in two volumes |
| 501 ## - WITH NOTE | |
| With note | Includes scripture texts |
| 504 ## - BIBLIOGRAPHY, ETC. NOTE | |
| Bibliography, etc. note | Includes index |
| 650 #0 - SUBJECT ADDED ENTRY--TOPICAL TERM | |
| Topical term or geographic name entry element | Theology, Doctrinal |
| Linkage | S28690.1 |
No items available.